banner-ar

AN EYE FOR FRACTALS: A GRAPHICAL AND PHOTOGRAPHIC / (Record no. 17231)

MARC details
000 -الفاتح
حقل البيانات ثابتة الطول 00423nam a2200145Ia 4500
008 - عناصر البيانات ثابتة الطول - معلومات عامة
حقل البيانات ثابتة الطول 140319s9999 xx 000 0 eng d
040 ## - مصدر الفهرسة
وكالة الفهرسة الأصلية GCL /
وكالة النسخ GCL
082 04 - رقم تصنيف ديوى العشرى
رقم التصنيف 514.74
رقم المادة M E
100 1# - المدخل الرئيسى - إسم شخصى
الإسم الشخصى MC GUIRE, MICHAEL
245 10 - بيان العنوان
العنوان AN EYE FOR FRACTALS: A GRAPHICAL AND PHOTOGRAPHIC /
بيان المسئوليه,etc MC GUIRE, MICHAEL
260 ## - PUBLICATION, DISTRIBUTION, ETC. (IMPRINT)
تاريخ النشر أو التوزيع 1991
650 04 - المدخل الاضافى بالموضوع-مصطلح موضوعى
مصطلح موضوعي FRACTALS
942 ## - عناصر المدخل الإضافي( كوها)
مصدر التصنيف او مخطط الترفيف Dewey Decimal Classification
Koha [default] item type كتاب
260 ## - PUBLICATION, DISTRIBUTION, ETC. (IMPRINT)
-- [S.N] :
-- ADDISON - WESLEY PUBLISHING COMPANY ،
Holdings
حالة التراجع حالة الفقد حالة تلف ليس للاعارة المكان المؤقت الموقع الحالى تاريخ الاكتساب اجمالي اﻻعارات رقم الطلب الباركود تاريخ اخر مشاهدة تاريخ تفعيل السعر نوع وعاء كوها
        مكتبة القاهرة الكبرى مكتبة القاهرة الكبرى 03/26/2014   514.74\M E 31048 03/26/2014 03/26/2014 كتاب

Powered By

EGPV